000 00424nam a22001337a 4500
082 _a620.196
_bBRI
_cD
100 _aThe Asphalt Institute
_920237
245 _aA Brief Introduction to Asphalt and some of its uses
_bThe Asphalt Institute
260 _aMaryland :
_bThe World Bank Washington,
_c1977.
300 _aii, 73 p. :
_bill. :
526 _a0
_b0
_c0
_d620_196000000000000_BRI
650 _aMCE
_9379
942 _2ddc
_cBK
999 _c545181
_d545181